Aaron Spelling Shows Quiz Stats

 Plays Quiz Updated Sep 28, 2018

Score 0/23 Timer 07:00
0 Plays Today
Years On Show % Correct
1990-2000Beverly Hills, 90210
91.4%
1992-1999Melrose Place
66.8%
1981-1989Dynasty
40.4%
1976-1981Charlie's Angels
35.2%
1977-1987The Love Boat
34.3%
1998-2006Charmed
25.6%
1996-20067th Heaven
21.5%
1978-1984Fantasy Island
21.1%
1982-1986T.J. Hooker
11.8%
1994-1995Models Inc.
9%
1979-1983Hart to Hart
7.6%
1975-1979Starsky and Hutch
6.7%
Years On Show % Correct
1983-1988Hotel
5.8%
1997-1999Sunset Beach
5.3%
1975-1976S.W.A.T.
3.4%
1963-1965Burke's Law
2.2%
1965-1966Honey West
1.9%
1959Johnny Ringo
1.4%
1969-1970The New People
1.3%
1967-1969The Guns of Will Sonnett
1.3%
1980B.A.D. Cats
1.1%
1961-1963The Dick Powell Show
1.1%
1970-1971The Most Deadly Game
0.9%

You're not logged in!

Compare scores with friends on all Sporcle quizzes.
OR
Log In

Sporcle TV

Today on Sporcle TV


Watch our educational content, quiz creation guides, and fun videos on Sporcle TV.

Show Comments

Extras

Top Quizzes Today


Score Distribution

Your Account Isn't Verified!

In order to create a playlist on Sporcle, you need to verify the email address you used during registration. Go to your Sporcle Settings to finish the process.

Report this User

Report this user for behavior that violates our Community Guidelines.

Details: